000 02436nam a2200361 a 4500
001 ebr10508997
003 CaPaEBR
006 m u
007 cr cn|||||||||
008 091019s2009 mau sb 001 0 eng d
010 _z 2009039464
020 _z9781934843673 (hardback : alk. paper)
020 _z9781618110138 (e-book)
040 _aCaPaEBR
_cCaPaEBR
035 _a(OCoLC)769188601
050 1 4 _aB5800
_b.O765 2009eb
082 0 4 _a181/.06
_222
100 1 _aOppenheim, Michael D.,
_d1946-
245 1 0 _aEncounters of consequence
_h[electronic resource] :
_bJewish philosophy in the twentieth century and beyond /
_cBy Michael Oppenheim.
260 _aBoston :
_bAcademic Studies Press,
_c2009.
300 _axviii, 408 p.
490 1 _aJudaism and Jewish life
504 _aIncludes bibliographical references and index.
505 0 _aSome underlying issues of modern Jewish philosophy -- Does Judaism have universal significance? -- Death and the fear of death in Franz Rosenzweig's The star of redemption -- The Halevi book -- Into life : Rosenzweig's essays on God, man and the world -- The meaning of Hasidism : Martin Buber and Gershom Scholem -- Autobiography and the becoming of the self : Martin Buber and Joseph Campbell -- Franz Rosenzweig and Emmanuel Levinas : a midrash or thought-experiment -- Welcoming the other : the philosophical foundation for pluralism in the works of Charles Davis and Emmanuel Levinas -- Joseph B. Soloveitchik and Soren Kierkegaard : reflections on The lonely man of faith -- Eliezer Schweid : the first Israeli philosopher -- Can we still stay with him? : two Jewish theologians confront the Holocaust (Emil Fackenheim and Arthur Cohen) -- Theology and community : the work of Emil Fackenheim -- Irving Greenberg : a Jewish dialectic of hope -- Feminist Jewish philosophy : a response.
533 _aElectronic reproduction.
_bPalo Alto, Calif. :
_cebrary,
_d2013.
_nAvailable via World Wide Web.
_nAccess may be limited to ebrary affiliated libraries.
650 0 _aJewish philosophy
_xHistory
_y20th century.
650 0 _aJewish philosophers
_xHistory
_y20th century.
650 0 _aPhilosophy, Modern
_y20th century.
655 7 _aElectronic books.
_2local
710 2 _aebrary, Inc.
830 0 _aJudaism and Jewish life.
856 4 0 _uhttp://site.ebrary.com/lib/rucke/Doc?id=10508997
_zAn electronic book accessible through the World Wide Web; click to view
999 _c216965
_d216965